Prueba de Cataluña - Estadísticas

Estadísticas generales
  • Esta prueba ha sido intentada 6.258 veces
  • La puntuación promedio es 14 de 18
Estadísticas de respuestas
Pregunta Respuesta % Correcto
Capital Barcelona
100%
País limítrofe (aparte de Francia) Andorra
99%
Idiomas oficiales (aparte del español) Catalán
97%
Esta basílica en la capital es un Patrimonio Mundial Sagrada Familia
95%
Jugador más exitoso de FC Barcelona aunque no es español Lionel Messi
94%
Número de provincias 4
92%
Diseñador de esa basílica y varias otras obras Antonio Gaudí
90%
Caudillo quien prohibió mucho de la cultura de Cataluña durante el siglo XX Francisco Franco
87%
Pintor surrealista Salvador Dalí
79%
Nombre de las torres humanos tradicionales Castell
72%
Nombre corto y coloquial del Día de Cataluña Diada
71%
La segunda ciudad más grande Hospitalet de Llobregat
69%
Danza redonda popular en Cataluña Sardana
69%
Zona de Gerona que extende por una franja constera Costa brava
67%
En Valls, se come esta variedad de cebollas Calçot
60%
En la navidad, los niños golpean esta cosa para que cague regalos Tió de Nadal
58%
Idiomas oficiales (aparte del español) Aranés
56%
Fundador de dos universidades catalanas en el siglo XV Alfonso V
7%
No se encontraron pruebas coincidentes
Distribución de puntuación
Porcentaje de gente con cada puntuación
Porcentaje por número respondido
Historial de tus puntuaciones
No has intentado esta prueba.